000 01387cam a22003491 4500
001 rebuildingplayer00give
003 CaSfIA
005 20210118214336.0
007 cr||||
008 751119s1963 nyua 000 0 eng
010 _a 63015805
040 _aDLC
_cWRJ
_dDLC
_dOCLCQ
_dNLGGC
_dBTCTA
_dOCLCG
_dCaSfIA
035 _a(OCoLC)919190
050 0 0 _aML1051
_b.G6
082 0 0 _a681.83
084 _a24.85
_2bcl
100 1 _aGivens, Larry,
_d1937-
245 1 0 _aRebuilding the player piano.
_h[electronic resource]
260 _aVestal, N.Y.,
_bVestal Press
_c[c1963]
300 _a164 p.
_billus.
_c21 cm.
650 0 _aPlayer piano
_xConstruction.
650 1 7 _aPianola's.
_2gtt
856 4 1 _uhttp://www.archive.org/details/rebuildingplayer00give
_zFree eBook from the Internet Archive
856 4 2 _uhttp://www.openlibrary.org/books/OL5883959M
_zAdditional information and access via Open Library
029 1 _aNLGGC
_b058374051
029 1 _aNZ1
_b3527737
029 1 _aAU@
_b000010741451
029 1 _aAU@
_b000023068649
942 _cEB
506 _fНеобхідна авторизація на https://archive.org/ (створення облікового запису безкоштовно)
506 _fНеобхідна авторизація на https://openlibrary.org/ (створення облікового запису безкоштовно)
999 _c542374
_d542374